| 000 | 00534nam a2200181 a 4500 | ||
|---|---|---|---|
| 001 | 5640 | ||
| 003 | CDMR | ||
| 005 | 20131125141745.0 | ||
| 008 | 130130s1964||||||||||||||||||||||||||||d | ||
| 040 |
_aCDMR _bcat _cCDMR |
||
| 245 | 3 |
_aUn debate político _b: la Ley de Prensa : resumen informativo |
|
| 260 |
_aMadrid _c1964 _bS.I.E. |
||
| 300 |
_a117 p. _c30 cm |
||
| 500 | _aSeparata extraordinària de Diario de diarios | ||
| 650 | 0 | 4 |
_94150 _aLlibertat d'impremta |
| 650 | 0 | 4 |
_94383 _aPremsa _xDret i legislació _zEspanya |
| 942 |
_cMON _2udc |
||
| 999 |
_c5640 _d5640 |
||